10 most populated countries in Asia - Statistics

General Stats
  • This quiz has been taken 57 times
  • The average score is 8 of 10
Answers on the Map
Answers color-coded by a green-red scale on the quiz's map according to % correct below.
 
Answer Stats
Answer % Correct
China
100%
India
98%
Indonesia
96%
Pakistan
87%
Bangladesh
83%
Japan
83%
Philippines
70%
Turkey
70%
Iran
68%
Vietnam
68%
No matching quizzes found
Score Distribution
Percent of People with Each Score
Percentile by Number Answered
Your Score History
You have not taken this quiz